Anagramme de prénoms - Statistiques

Statistiques générales
  • Ce quiz a été pris 257 fois
  • Le résultat moyen est 7 sur 20
Statistiques - réponses
Anagrammes Prénoms % Correct
Maire Marie
89%
Prière Pierre
66%
Zone Enzo
64%
Frôlent Florent
63%
Asile Elisa
59%
Chialer Charlie
50%
Lacher Rachel
50%
Transit Tristan
48%
Calorie Coralie
44%
Egala Aglae
33%
Rouera Aurore
29%
Voilai Olivia
27%
Naturel Laurent
26%
Nivelant Valentin
17%
Sismale / Séismal Mélissa
16%
Calions Nicolas
16%
Délignera Géraldine
11%
Citronne Corentin
5%
Tuiles Iseult
4%
Salirait Alistair
0%
Aucun quiz correspondant
Distribution des résultats
% des personnes avec chaque résultat
Percentile par nombre de réponses
Votre historique - résultats
Vous n’avez pas pris ce quiz